Information security policies, procedures, and standards (Record no. 31115)

MARC details
000 -LEADER
fixed length control field 00518nam a2200181Ia 4500
020 ## - INTERNATIONAL STANDARD BOOK NUMBER
ISBN 9781482245912
050 ## - CALL MARK
Classification number HF 5548 .L35/
100 ## - STATEMENT OF RESPONSIBILITY--MAIN AUTHOR NAME
Personal name Landoll J. Douglas
245 #0 - TITLE STATEMENT
Title Information security policies, procedures, and standards
260 ## - PUBLICATION, DISTRIBUTION, ETC. (IMPRINT)
Place of publication NewYork
260 ## - PUBLICATION, DISTRIBUTION, ETC. (IMPRINT)
Name of publisher CRC Press
260 ## - PUBLICATION, DISTRIBUTION, ETC. (IMPRINT)
Year of publication 2016
300 ## - PHYSICAL DESCRIPTION
Number of Pages 240 p
650 ## - SUBJECT ADDED ENTRY--TOPICAL TERM
Topical Term Business--Data processing--Security measures. Data protection. Computer security.
942 ## - ADDED ENTRY ELEMENTS (KOHA)
Koha item type Books
Holdings
Withdrawn status Lost status Source of classification or shelving scheme Damaged status Not for loan Permanent Location Current Location Shelving location Date acquired Accession Number Price effective from Koha item type
    Library of Congress Classification     NILE UNIVERSITY OF NIGERIA - MAIN LIBRARY NILE UNIVERSITY OF NIGERIA - MAIN LIBRARY Items on shelf 04/23/2025 0196397 04/23/2025 Books